Saber y saberlo demostrar: Hacia una didáctica de la argumetnación

Este trabajo se orientó inicialmente hacia la formulación de un marco teórico que permitiera ir desbrozando un camino muy pocas veces transitado, cual es el de la relación procesos argumentativos.

Saved in:
Bibliografiske detaljer
Hovedforfatter: CORREA MEDINA, José Ignaio
Format: Bog
Sprog:Spanish
Udgivet: Bogotá: Universidad Externado de Colombia, facultad de Ciencias de la Educación, Colciencias, 1999.
Fag:
Online adgang:Enlace del recurso
Tags: Tilføj Tag
Ingen Tags, Vær først til at tagge denne postø!

MARC

LEADER 00000nam a2200000 a 4500
001 001608
008 081230p1999 ck spa
020 |a 958-616-402-0 
082 0 4 |a 370.1524/  |b C824s 
100 1 |a CORREA MEDINA, José Ignaio 
245 1 0 |a Saber y saberlo demostrar:  |b Hacia una didáctica de la argumetnación   |c José Ignacio Correa Medina, Cecilia Dimaté Rodríguez, Nancy Martinez Álvarez 
260 |a Bogotá:  |b Universidad Externado de Colombia, facultad de Ciencias de la Educación, Colciencias,  |c 1999. 
300 |a 126p. 
520 |a Este trabajo se orientó inicialmente hacia la formulación de un marco teórico que permitiera ir desbrozando un camino muy pocas veces transitado, cual es el de la relación procesos argumentativos. 
650 1 |a INVESTIGACIÓN EDUCACTIVA 
999 |c 3760  |d 3760 
856 |u https://catalogo.idep.edu.co/cgi-bin/koha/opac-detail.pl?biblionumber=3760  |z Enlace del recurso